000 00554nam a2200229Ia 4500
003 OSt
005 20221005121917.0
006 a|||||r|||| 00| 0
007 ta
008 221004b |||||||| |||| 00| 0 eng d
024 _a54604
037 _cTextual
040 _aCRL
_cCRL
_beng
041 _2eng
_aeng
082 _aV2xM70x, K0
100 _aGupta Anand Ed.
_9631231
245 0 _aIndia and Lenin
260 _c1960
650 _aPHILOSOPHY
942 _hV2xM70x, K0
_cTEXL
_2cc
999 _c1042654
_d1042654